000 00414pab a2200145 454500
008 180718b2005 xxu||||| |||| 00| 0 eng d
100 _aBuiter, Willem H.
245 _aNew developments in monetary economics: two ghosts, two eccentricities, a fallacy, a mirage and a mythos
260 _c2005
300 _ap.1-31.
362 _aMar
650 _aMonetary policy
773 _aEconomic Journal
909 _a66145
999 _c66145
_d66145